000
00333 a2200169 4500
001
182238
020
_a
85-262-4660-7
040
_c
Magnum
100
_a
Alencar, José de
240
1
0
_a
Iracema
_l
por
245
1
0
_a
Iracema
300
_a
64
362
0
_a
2003
440
1
_a
Scipione
697
_a
LITERATURA GERAL
942
_c
BK
999
_c
182238
_d
182238